[Event "Marmelopolis op"]
[Site "Marmelopolis"]
[Date "2024.09.08"]
[Round "5"]
[White "Guimaraes, Artemis Pamela"]
[Black "Menezes, Jose Eduardo Carnei"]
[Result "1/2-1/2"]
[WhiteElo "2002"]
[BlackElo "1869"]
[PlyCount "40"]
[EventDate "2024.09.06"]
[EventType "swiss"]
[EventRounds "6"]
[EventCountry "BRA"]
[SourceTitle "EXT 2025"]
[Source "ChessBase"]
[SourceDate "2024.10.14"]
[SourceVersion "1"]
[SourceVersionDate "2024.10.14"]
[SourceQuality "1"]

1. e4 c5 2. Nf3 d6 3. d4 cxd4 4. Nxd4 Nf6 5. Nc3 a6 6. Be2 e5 7. Nf3 h6 8. Nd2 Be6 9. Nc4 Be7 10. Be3 Bxc4 11. Bxc4 0-0 12. a4 Nbd7 13. 0-0 Rc8 14. Bd5 Qc7 15. a5 Nb8 16. Bb6 Qd7 17. Qd3 Nc6 18. Ra4 Nd8 19. Rb4 Nc6 20. Rc4 Bd8 1/2-1/2

[Event "Marmelopolis op"]
[Site "Marmelopolis"]
[Date "2024.09.07"]
[Round "4"]
[White "Menezes, Jose Eduardo Carnei"]
[Black "Cunha, Rodrigo Azalim"]
[Result "1-0"]
[WhiteElo "1869"]
[BlackElo "1624"]
[PlyCount "67"]
[EventDate "2024.09.06"]
[EventType "swiss"]
[EventRounds "6"]
[EventCountry "BRA"]
[SourceTitle "EXT 2025"]
[Source "ChessBase"]
[SourceDate "2024.10.14"]
[SourceVersion "1"]
[SourceVersionDate "2024.10.14"]
[SourceQuality "1"]

1. e4 c5 2. Nf3 d6 3. d4 cxd4 4. Nxd4 Nf6 5. Nc3 g6 6. f3 Bg7 7. Be3 Nc6 8. Nb3 Be6 9. Be2 a6 10. 0-0 0-0 11. Qd2 Ne5 12. Nd5 Nxd5 13. exd5 Bf5 14. Nd4 Bd7 15. h3 Rc8 16. b3 Be8 17. c4 Nd7 18. Rae1 Nb6 19. f4 Na8 20. f5 Nc7 21. fxg6 hxg6 22. Bg5 Bd7 23. Bd1 Re8 24. Re4 b5 25. Rfe1 f6 26. Bh6 bxc4 27. bxc4 Na8 28. Bb3 Nb6 29. Kh1 Rc5 30. Be3 Qc8 31. Nc6 Rxc6 32. dxc6 Qxc6 33. Bxb6 Bxh3 34. Qd5+ 1-0

[Event "Marmelopolis op"]
[Site "Marmelopolis"]
[Date "2024.09.07"]
[Round "3"]
[White "Sega, Carlos Alberto"]
[Black "Menezes, Jose Eduardo Carnei"]
[Result "1-0"]
[WhiteElo "2135"]
[BlackElo "1869"]
[PlyCount "51"]
[EventDate "2024.09.06"]
[EventType "swiss"]
[EventRounds "6"]
[EventCountry "BRA"]
[SourceTitle "EXT 2025"]
[Source "ChessBase"]
[SourceDate "2024.10.14"]
[SourceVersion "1"]
[SourceVersionDate "2024.10.14"]
[SourceQuality "1"]

1. c4 Nf6 2. Nc3 e6 3. e4 Bb4 4. e5 Ng8 5. Qg4 g6 6. d4 d5 7. Nf3 c6 8. Bd2 dxc4 9. Bxc4 b5 10. Bd3 a6 11. 0-0 Be7 12. Rfd1 h5 13. Qf4 Nd7 14. Ne4 Nb6 15. Ba5 Rb8 16. Rac1 Bd7 17. Nc5 Bxc5 18. Rxc5 Qe7 19. Bxb6 Rxb6 20. Ng5 Nh6 21. Ne4 Nf5 22. Nf6+ Kf8 23. Bxf5 exf5 24. d5 Kg7 25. Qd4 Be8 26. d6 1-0

[Event "Florianopolis op 5th"]
[Site "Florianopolis"]
[Date "2019.01.23"]
[Round "4"]
[White "Santana Freitas, Maria Eduarda"]
[Black "Menezes, Jose Eduardo Carnei"]
[Result "0-1"]
[WhiteElo "1486"]
[BlackElo "1827"]
[PlyCount "136"]
[EventDate "2019.01.21"]
[EventType "swiss"]
[EventRounds "10"]
[EventCountry "BRA"]
[SourceTitle "CBM 188 Extra"]
[Source "ChessBase"]
[SourceDate "2019.02.28"]
[SourceVersion "1"]
[SourceVersionDate "2019.02.28"]
[SourceQuality "1"]

1. e4 c5 2. Nf3 d6 3. d4 cxd4 4. Nxd4 Nf6 5. Nc3 a6 6. Bg5 Nbd7 7. f4 b5 8. a3 Bb7 9. Qe2 h6 10. Bh4 e5 11. Nf3 exf4 12. 0-0-0 g5 13. Bf2 Be7 14. Nd4 Rc8 15. Nf5 Ne5 16. Bd4 Qc7 17. g3 fxg3 18. hxg3 Bf8 19. Bg2 Rd8 20. Qf2 Nfg4 21. Qe2 Qc4 22. Qd2 Bc8 23. Rhf1 Bxf5 24. Rxf5 Be7 25. Nd5 Rh7 26. Nxe7 Qa2 27. b3 Kxe7 28. Bxe5 Nxe5 29. Rxe5+ Kf8 30. Qd5 Qxa3+ 31. Kb1 dxe5 32. Qxd8+ Kg7 33. Rf1 Qf8 34. Qf6+ Kg8 35. Qxe5 Qd8 36. Bh3 Rg7 37. Qd5 Qxd5 38. exd5 g4 39. Bg2 Rg6 40. Rd1 Kf8 41. d6 Ke8 42. Bb7 f5 43. Bxa6 Kd8 44. Bxb5 f4 45. d7 Rb6 46. c4 f3 47. Re1 Kc7 48. Re8 Rd6 49. Rc8+ Kb7 50. d8Q Rxd8 51. Rxd8 h5 52. c5 h4 53. c6+ Kb6 54. c7 Kxc7 55. Rd1 hxg3 56. Rg1 g2 57. Bf1 gxf1Q+ 58. Rxf1 Kd6 59. Kc2 Ke5 60. Kd3 Kf4 61. b4 g3 62. Kd2 g2 63. Ke1 Kg3 64. b5 f2+ 65. Rxf2 g1Q+ 66. Rf1 Qe3+ 67. Kd1 Qd3+ 68. Kc1 Qxf1+ 0-1

[Event "Campinas Fazer op"]
[Site "Campinas"]
[Date "2015.03.20"]
[Round "2"]
[White "De Moura, Sergio Jovelino"]
[Black "Menezes, Jose Eduardo Carnei"]
[Result "1-0"]
[WhiteElo "2147"]
[BlackElo "1921"]
[PlyCount "39"]
[EventDate "2015.03.20"]
[EventType "swiss"]
[EventRounds "6"]
[EventCountry "BRA"]
[SourceTitle "EXT 2018"]
[Source "ChessBase"]
[SourceDate "2017.10.13"]
[SourceVersion "1"]
[SourceVersionDate "2017.10.13"]
[SourceQuality "1"]

1. e4 c5 2. Nf3 d6 3. d4 cxd4 4. Nxd4 Nf6 5. Nc3 a6 6. Bc4 e6 7. 0-0 b5 8. Bb3 b4 9. Na4 Nxe4 10. f4 Be7 11. Be3 0-0 12. f5 Nc5 13. fxe6 fxe6 14. Nxc5 dxc5 15. Nxe6 Bxe6 16. Bxe6+ Kh8 17. Qh5 g6 18. Qe5+ Bf6 19. Qxc5 Kg7 20. Rad1 1-0

[Event "BRA-ch Mineiro"]
[Site "Nova Resende"]
[Date "2011.01.06"]
[Round "5"]
[White "Dibai, Jerry"]
[Black "Menezes, Jose Eduardo Carnei"]
[Result "0-1"]
[WhiteElo "1852"]
[BlackElo "1946"]
[PlyCount "124"]
[EventDate "2011.01.04"]
[EventType "tourn"]
[EventRounds "10"]
[EventCountry "BRA"]
[SourceTitle "EXT 2022"]
[Source "ChessBase"]
[SourceDate "2021.10.06"]
[SourceVersion "1"]
[SourceVersionDate "2021.10.06"]
[SourceQuality "1"]

1. Nf3 e6 2. g3 d5 3. Bg2 c5 4. 0-0 b6 5. d3 Bb7 6. Nbd2 Nf6 7. Re1 g6 8. e4 Bg7 9. c3 0-0 10. e5 Nfd7 11. d4 Nc6 12. Nf1 Rc8 13. Bg5 Qc7 14. Rc1 h6 15. Bf4 Ba6 16. h4 Bxf1 17. Bxf1 c4 18. Qd2 Kh7 19. Nh2 h5 20. Nf3 b5 21. Ng5+ Kg8 22. Bh3 Rfe8 23. g4 hxg4 24. Bxg4 Nf8 25. Kg2 Ne7 26. Rh1 Nf5 27. Bxf5 gxf5 28. h5 Nh7 29. Rcg1 Nxg5 30. Bxg5 Kh7 31. Kf1 Rg8 32. h6 Bh8 33. Bf6 Rg6 34. Qe3 Rcg8 35. Qh3 Rxg1+ 36. Rxg1 Rxg1+ 37. Kxg1 Bxf6 38. exf6 Qd8 39. Qh4 Qg8+ 40. Kf1 Qg6 41. f4 Qxh6 42. Qxh6+ Kxh6 43. Kf2 Kg6 44. Kg3 Kxf6 45. Kh4 a5 46. Kh5 Kg7 47. Kh4 f6 48. Kh5 Kh7 49. Kh4 Kh6 50. a3 Kg6 51. Kg3 e5 52. dxe5 fxe5 53. fxe5 Kf7 54. Kf3 Ke6 55. a4 bxa4 56. Kf4 a3 57. bxa3 a4 58. Kf3 Kxe5 59. Ke3 f4+ 60. Kf3 Kf5 61. Kf2 Ke4 62. Ke2 f3+ 0-1

[Event "BRA-ch Mineiro+"]
[Site "Nova Resende"]
[Date "2011.01.04"]
[Round "1.3"]
[White "Saad, Marcelo"]
[Black "Menezes, Jose Eduardo Carnei"]
[Result "0-1"]
[WhiteElo "2006"]
[BlackElo "1946"]
[PlyCount "88"]
[EventDate "2011.01.04"]
[EventType "tourn"]
[EventRounds "10"]
[EventCountry "BRA"]
[SourceTitle "EXT 2022"]
[Source "ChessBase"]
[SourceDate "2021.10.06"]
[SourceVersion "1"]
[SourceVersionDate "2021.10.06"]
[SourceQuality "1"]

1. e4 Nf6 2. Nc3 d5 3. exd5 Nxd5 4. d4 Nf6 5. Nf3 Bg4 6. Be2 e6 7. 0-0 Be7 8. h3 Bh5 9. Bf4 0-0 10. Re1 a6 11. a3 Nc6 12. Be5 Nd7 13. Bh2 Nb6 14. Ne4 Bxf3 15. Bxf3 Nxd4 16. Be5 c5 17. b4 Nxf3+ 18. Qxf3 cxb4 19. Qg3 f6 20. Bc7 Qc8 21. Bxb6 bxa3 22. Qb3 Kf7 23. c4 Qc6 24. c5 Rfe8 25. Rxa3 Rac8 26. Raa1 f5 27. Ng3 g6 28. Rad1 a5 29. Ra1 Bxc5 30. Bxc5 Qxc5 31. Qxb7+ Rc7 32. Qa6 Ra7 33. Rxa5 Qxa5 34. Qe2 Rd7 35. Nf1 Qd5 36. Qe3 Qd4 37. Qb3 Qd3 38. Qb6 Rd6 39. Qb2 Qd4 40. Qb3 Rb6 41. Qg3 Ra6 42. Qc7+ Re7 43. Qc1 Ra2 44. Rd1 Qxf2+ 0-1

[Event "Caxambu op"]
[Site "Caxambu"]
[Date "2009.10.31"]
[Round "3.10"]
[White "Menezes, Jose Eduardo Carnei"]
[Black "Moreira, Altair Carlos Faria"]
[Result "1-0"]
[WhiteElo "1973"]
[BlackElo "1813"]
[PlyCount "95"]
[EventDate "2009.10.30"]
[EventType "swiss"]
[EventRounds "7"]
[EventCountry "BRA"]
[SourceTitle "EXT 2022"]
[Source "ChessBase"]
[SourceDate "2021.10.06"]
[SourceVersion "1"]
[SourceVersionDate "2021.10.06"]
[SourceQuality "1"]

1. e4 e6 2. d4 d5 3. Nd2 Nc6 4. Ngf3 Nf6 5. e5 Nd7 6. c3 f6 7. exf6 Qxf6 8. Nb3 Bd6 9. Bg5 Qf7 10. Be2 0-0 11. 0-0 e5 12. dxe5 Ndxe5 13. Nbd4 Nxf3+ 14. Bxf3 h6 15. Be3 Nxd4 16. Qxd4 Be6 17. Rad1 c6 18. Qa4 a6 19. Qc2 Rad8 20. b4 Bf4 21. Rfe1 Rfe8 22. Qd2 Bxe3 23. Rxe3 Bd7 24. Rde1 Rxe3 25. Rxe3 Re8 26. a4 Rxe3 27. Qxe3 Qe6 28. Qd2 Qf5 29. h3 Qb1+ 30. Kh2 Qf5 31. Qe3 Qe6 32. Qf4 Qe8 33. Qc7 Qc8 34. Qd6 Qe8 35. Kg3 Kh7 36. Kf4 Kg8 37. Qc7 Bc8 38. Qb8 Kf7 39. a5 g6 40. Qc7+ Qd7 41. Qxd7+ Bxd7 42. Ke5 Ke7 43. Bd1 h5 44. Bc2 Be8 45. f4 Bf7 46. f5 g5 47. f6+ Kd7 48. Bf5+ 1-0